Strategic Information Management: challenges and strategies in managing information systems (Record no. 6546)

MARC details
000 -LEADER
fixed length control field 00682nam a22002177a 4500
003 - CONTROL NUMBER IDENTIFIER
control field OSt
005 - DATE AND TIME OF LATEST TRANSACTION
control field 20200130145926.0
008 - FIXED-LENGTH DATA ELEMENTS--GENERAL INFORMATION
fixed length control field 200130b ||||| |||| 00| 0 eng d
020 ## - INTERNATIONAL STANDARD BOOK NUMBER
International Standard Book Number 9780415996471
040 ## - CATALOGING SOURCE
Transcribing agency DDC
082 ## - DEWEY DECIMAL CLASSIFICATION NUMBER
Classification number 658.4 STR 2009
100 ## - MAIN ENTRY--PERSONAL NAME
Personal name Edited by Galliers, Robert D.; Leidner, Dorothy E.
9 (RLIN) 13470
245 ## - TITLE STATEMENT
Title Strategic Information Management: challenges and strategies in managing information systems
250 ## - EDITION STATEMENT
Edition statement 4th ed.
260 ## - PUBLICATION, DISTRIBUTION, ETC. (IMPRINT)
Place of publication, distribution, etc. New York;
Name of publisher, distributor, etc. Routledge,
Date of publication, distribution, etc. 2009
300 ## - PHYSICAL DESCRIPTION
Extent xx,556p;
Other physical details Ill:
Dimensions 24.5cm
504 ## - BIBLIOGRAPHY, ETC. NOTE
Bibliography, etc Appendix, & indices included
650 ## - SUBJECT ADDED ENTRY--TOPICAL TERM
Topical term or geographic name as entry element Information management
9 (RLIN) 12576
650 ## - SUBJECT ADDED ENTRY--TOPICAL TERM
Topical term or geographic name as entry element Strategic planning
9 (RLIN) 12224
942 ## - ADDED ENTRY ELEMENTS (KOHA)
Source of classification or shelving scheme Other/Generic Classification Scheme
Koha item type Open Shelf
Holdings
Withdrawn status Lost status Source of classification or shelving scheme Damaged status Not for loan Home library Current library Date acquired Source of acquisition Inventory number Total Checkouts Full call number Barcode Date last seen Koha item type
    Dewey Decimal Classification     MUST Main Library MUST Main Library 30/01/2020 Purchase 11/33565   658.4 STR 2009 2020-0262 30/01/2020 Open Shelf
    Dewey Decimal Classification     MUST Main Library MUST Main Library   Purchase 11/33564   658.4 STR 2009 2024-22300 02/09/2024 Open Shelf
    Dewey Decimal Classification     MUST Main Library MUST Main Library   Purchase 11/33662   658.4 STR 2009 2024-22316 04/09/2024 Open Shelf
    Dewey Decimal Classification     MUST Main Library MUST Main Library   Purchase 11/33662   658.4 STR 2009 2024-22317 04/09/2024 Open Shelf
    Dewey Decimal Classification     MUST Main Library MUST Main Library   Purchase 11/33662   658.4 STR 2009 2024-22318 04/09/2024 Open Shelf